<?xml version="1.0" encoding="UTF-8"?><?xml-stylesheet type="text/xsl" href="static/style.xsl"?><OAI-PMH xmlns="http://www.openarchives.org/OAI/2.0/" xmlns:xsi="http://www.w3.org/2001/XMLSchema-instance" xsi:schemaLocation="http://www.openarchives.org/OAI/2.0/ http://www.openarchives.org/OAI/2.0/OAI-PMH.xsd"><responseDate>2026-04-19T04:33:10Z</responseDate><request verb="GetRecord" identifier="oai:riubu.ubu.es:10259/10449" metadataPrefix="marc">https://riubu.ubu.es/oai/request</request><GetRecord><record><header><identifier>oai:riubu.ubu.es:10259/10449</identifier><datestamp>2025-05-10T00:05:14Z</datestamp><setSpec>com_10259_9737</setSpec><setSpec>com_10259_5086</setSpec><setSpec>com_10259_2604</setSpec><setSpec>col_10259_10448</setSpec></header><metadata><record xmlns="http://www.loc.gov/MARC21/slim" xmlns:doc="http://www.lyncode.com/xoai" xmlns:xsi="http://www.w3.org/2001/XMLSchema-instance" xmlns:dcterms="http://purl.org/dc/terms/" xsi:schemaLocation="http://www.loc.gov/MARC21/slim http://www.loc.gov/standards/marcxml/schema/MARC21slim.xsd">
<leader>00925njm 22002777a 4500</leader>
<datafield tag="042" ind1=" " ind2=" ">
<subfield code="a">dc</subfield>
</datafield>
<datafield tag="720" ind1=" " ind2=" ">
<subfield code="a">González Hernández, Oswaldo</subfield>
<subfield code="e">author</subfield>
</datafield>
<datafield tag="720" ind1=" " ind2=" ">
<subfield code="a">Martín González, Jesús Ángel</subfield>
<subfield code="e">author</subfield>
</datafield>
<datafield tag="720" ind1=" " ind2=" ">
<subfield code="a">Guerra Medina, Marcos Fulgencio</subfield>
<subfield code="e">author</subfield>
</datafield>
<datafield tag="720" ind1=" " ind2=" ">
<subfield code="a">López Hernández, Francisco José</subfield>
<subfield code="e">author</subfield>
</datafield>
<datafield tag="720" ind1=" " ind2=" ">
<subfield code="a">Delgado Rajó, Francisco Alberto</subfield>
<subfield code="e">author</subfield>
</datafield>
<datafield tag="260" ind1=" " ind2=" ">
<subfield code="c">2015-05</subfield>
</datafield>
<datafield tag="520" ind1=" " ind2=" ">
<subfield code="a">An optical code-division multiple access (OCDMA) scheme based on cyclic shift extension of a base code is proposed to enable asynchronous multi-user optical wireless communications for very populated scenarios. This multiple access method is convenient for low–medium data rate communications of a large number of simultaneous transmitters. An expression to obtain a tight upper bound of the bit-error probability of the new scheme is provided which is also confirmed by experimental results. A variant of the proposed communication method which allows the encoding of several bits per symbol is also presented, although its analysis demonstrates that the first simpler strategy reaches similar performance with a significantly lower receiver complexity.</subfield>
</datafield>
<datafield tag="024" ind2=" " ind1="8">
<subfield code="a">0013-5194</subfield>
</datafield>
<datafield tag="024" ind2=" " ind1="8">
<subfield code="a">http://hdl.handle.net/10259/10449</subfield>
</datafield>
<datafield tag="024" ind2=" " ind1="8">
<subfield code="a">10.1049/el.2014.4417</subfield>
</datafield>
<datafield tag="024" ind2=" " ind1="8">
<subfield code="a">1350-911X</subfield>
</datafield>
<datafield tag="245" ind1="0" ind2="0">
<subfield code="a">Cyclic code‐shift extension keying for multi‐user optical wireless communications</subfield>
</datafield>
</record></metadata></record></GetRecord></OAI-PMH>